BIBLIOTHÈQUE DE LA MAISON DU MEXIQUE

Logo 1 Logo 2

La vida cotidiana de los aztecas en vísperas de la conquista (notice nᵒ 11396)

détails MARC
000 -Sello discográfico
campo de control de longitud fija 01271nam a2200337 4500
005 - Identificación de versión
campo de control 20251016083233.0
035 ## - Otros números de control del sistema
Número de control del sistema 10079
099 ## - fechas locales
Tipo de ítem Koha LIBRO
100 ## - Datos de procesamiento general
Datos de procesamiento general 20040519d20031956m y1spay5003 ba
101 1# - Idioma del recurso
Idioma del texto, banda sonora, etc. Español; Castellano
Idioma de la obra original Francés
105 ## - Campo de datos codificados: Material textual, monográfico
Datos codificados de monografía a 001zy
200 1# - Título y mención de responsabilidad
Título propio La vida cotidiana de los aztecas en vísperas de la conquista
Designación general del material texto impreso
Primer mención de responsabilidad Jacques Soustelle
Declaración de responsabilidad subsiguiente traducción Carlos Villegas
205 ## - Declaración de edición
Declaración de edición 2a, 3a y 15a reimpr de la 2a ed
210 ## - Publicación, distribución, etc.
Lugar de publicación, distribución, etc. México
Nombre del editor, distribuidor, etc. Fondo de Cultura Económica
Fecha de publicación, distribución, etc. 1974, 1977, 2003
215 ## - Descripción física
Designación de material específico y extensión del ítem 283 p
Otras características físicas il.
Dimensiones 24 cm
345 ## - Nota de información de adquisición
Fuente de adquisición/dirección de la suscripción [OBSOLETO] Donación. Donación. Donación 'Salon du Livre 2009'
410 #1 - Series
Título Sección de Obras de Antropología
454 #1 - Traducción de
Título La vie quotidienne des Aztèques à la veille de la conquête espagnole
606 ## - Término temático usado como materia
Elemento de entrada Aztecas
Subdivisión temática Vida social y costumbres
Número Koha 5200
700 ## - Nombre personal - Responsabilidad primaria
Elemento de entrada Soustelle
Parte del nombre distinta del elemento de entrada Jacques
Fechas 1912-1990
Número Koha 2209
702 ## - Nombre personal - Responsabilidad secundaria
Elemento de entrada Villegas
Parte del nombre distinta del elemento de entrada Carlos
Número Koha 4550
801 #0 - Fuente de origen
País FR
Agencia cm
Reglas de catalogación (convenciones descriptivas) AFNOR
900 ## -
-- 1/7485
900 ## -
-- 7100419250\190504
942 ## - ELEMENTOS DE ENTRADA SECUNDARIOS (KOHA)
Tipo de ítem Koha Livre
996 ## -
-- MEX
-- 751145101
-- MMAG
-- 001252
-- 972.014 S725VID
-- 20120110LIV
996 ## -
-- MEX
-- 751145101
-- MMAG
-- 001253
-- 972.014 S725VI
-- 20230925LIV
996 ## -
-- MEX
-- 751145101
-- MMAG
-- 001258
-- 972.014 S725V
-- 20230925LIV
Exemplaires
Estatus retirado Estado de daño Estado de pérdida Fecha de adquisición Biblioteca de origen Biblioteca actual Ubicación en estantería Código de barras Precio de reemplazo Signatura topográfica completa No para préstamo Tipo de ítem Koha Nota pública Nota no pública
      05/08/2025 Casa México Paris Casa México Paris   001252 05/08/2025 972.014 S725VID   Livre 20120110LIV 751145101